Which countries border which? Part 1 - Statistics

General Stats
  • This quiz has been taken 21 times
    11 since last reset
  • The average score is 9 of 10
Answer Stats
Neighbors Country % Correct
RussiaLithuania Estonia Belarus Latvia
100%
NorwayFinland Sweden
100%
UzbeckistanAfghanistan Iran Turkmenistan
100%
PakistanChina Tajikistan Iran Turkmenistan Uzbekistan Afghanistan
90%
SpainFrance Andorra
90%
PeruColombia Ecuador
90%
Dominican Republic Haiti
90%
TanzaniaSouth Africa Zimbabwe Eswatini Zambia Malawi Mozambique
90%
UgandaBurundi Tanzania Democratic Rep. Of Congo Rwanda
90%
Ivory CoastBurkina Faso Togo Ghana
80%
No matching quizzes found
Score Distribution
Percent of People with Each Score
Percentile by Number Answered
Your Score History
You have not taken this quiz since the last reset